| 000 | 00750nam a22002057a 4500 | ||
|---|---|---|---|
| 003 | BD-DhUL | ||
| 005 | 20181223095941.0 | ||
| 008 | 181223s1999 nyu |||| |||| 000 0 eng d | ||
| 040 |
_aBD-DhUL _cBD-DhUL |
||
| 082 |
_a341.133 _bUNR |
||
| 110 | 2 | _aUnited Nations. | |
| 245 | 0 |
_aResolutions and decisions : _badopted by the general assembly during its fifty-third session / _cUnited Nations. |
|
| 260 |
_aNew York : _bUnited Nations, _c1999. |
||
| 300 |
_av. _c28 cm. |
||
| 500 | _a"General assembly, official records, fifty-third session, supplement no. 49 (A/53/49)" | ||
| 504 | _aIncludes bibliographical references. | ||
| 505 | _aContents: v. 1. Resolutions, 9 September-18 December, 1998. | ||
| 650 | _aUnited Nations. | ||
| 942 |
_2ddc _cBK |
||
| 999 |
_c245386 _d245386 |
||